[Event "HK-chT 1920 Master"]
[Site "Denmark"]
[Date "2019.10.27"]
[Round "1"]
[White "Pondal, Jesper"]
[Black "Thomsen, Peter"]
[Result "1-0"]
[WhiteElo "1959"]
[BlackElo "1880"]
[PlyCount "59"]
[EventDate "2019.10.27"]
[EventType "team-tourn"]
[EventRounds "7"]
[EventCountry "DEN"]
[SourceTitle "EXT 2025"]
[Source "ChessBase"]
[SourceDate "2024.10.14"]
[SourceVersion "1"]
[SourceVersionDate "2024.10.14"]
[SourceQuality "1"]
[WhiteTeam "Koge III"]
[BlackTeam "Maribo"]
[WhiteTeamCountry "DEN"]
[BlackTeamCountry "DEN"]

1. d4 d5 2. Nf3 Nf6 3. c4 e6 4. Nc3 c6 5. Bg5 Be7 6. e3 Nbd7 7. Qc2 0-0 8. Bd3 Re8 9. 0-0 Nf8 10. Ne5 N6d7 11. Bf4 Nxe5 12. Bxe5 Bf6 13. Bg3 e5 14. cxd5 exd4 15. exd4 Bxd4 16. dxc6 bxc6 17. Rfd1 Bg4 18. Rd2 Kh8 19. Be4 Rc8 20. Ne2 Bxe2 21. Rxe2 Qb6 22. Rd1 g6 23. Qc4 Ne6 24. Bf3 Red8 25. Kh1 Kg8 26. h4 Bc5 27. Rxe6 fxe6 28. Qxe6+ Kf8 29. Bf4 Rxd1+ 30. Bxd1 1-0

[Event "Koge Xtracon op"]
[Site "Koge"]
[Date "2015.10.13"]
[Round "2"]
[White "Kirkebaekke, Mark"]
[Black "Pondal, Jesper"]
[Result "0-1"]
[WhiteElo "1759"]
[BlackElo "1953"]
[PlyCount "94"]
[EventDate "2015.10.12"]
[EventType "swiss"]
[EventRounds "9"]
[EventCountry "DEN"]
[SourceTitle "CBM 168 Extra"]
[Source "ChessBase"]
[SourceDate "2015.10.29"]
[SourceVersion "1"]
[SourceVersionDate "2015.10.29"]
[SourceQuality "1"]

1. e4 d6 2. d4 e5 3. dxe5 dxe5 4. Qxd8+ Kxd8 5. Nf3 f6 6. Be3 Be6 7. Nc3 c6 8. 0-0-0+ Kc7 9. Nd2 Bb4 10. a3 Bxc3 11. bxc3 Nd7 12. Nb3 b6 13. c4 c5 14. Be2 Ne7 15. f4 Nc6 16. g4 Nd4 17. Nxd4 cxd4 18. Bd2 Nc5 19. f5 Bf7 20. g5 fxg5 21. Rhg1 Rag8 22. Bf3 g4 23. Bg2 Bxc4 24. Rdf1 Bxf1 25. Rxf1 Rf8 26. Bg5 Nd7 27. Kd2 Nf6 28. a4 Kd6 29. Ra1 Rc8 30. a5 b5 31. a6 Rc3 32. Ra2 Rb8 33. Kd1 Rb6 34. Bd2 Rc4 35. Ba5 Rb8 36. Rb2 Ra4 37. Bb4+ Rxb4 38. Rxb4 Rb6 39. Kd2 Kc5 40. Rb2 Rxa6 41. c3 dxc3+ 42. Kxc3 Ra4 43. Kd3 a5 44. Ke3 Ra3+ 45. Ke2 b4 46. Rd2 b3 47. Rd8 Ra2+ 0-1

[Event "Koge Xtracon op"]
[Site "Koge"]
[Date "2014.10.12"]
[Round "3"]
[White "Pondal, Jesper"]
[Black "Brinck Claussen, Bjorn"]
[Result "0-1"]
[WhiteElo "1960"]
[BlackElo "2227"]
[PlyCount "88"]
[EventDate "2014.10.11"]
[EventType "swiss"]
[EventRounds "9"]
[EventCountry "DEN"]
[SourceTitle "EXT 2015"]
[Source "ChessBase"]
[SourceDate "2014.11.20"]
[SourceVersion "1"]
[SourceVersionDate "2014.11.20"]
[SourceQuality "1"]

1. d4 Nf6 2. Bg5 c5 3. Bxf6 gxf6 4. dxc5 Na6 5. e3 Nxc5 6. Nd2 f5 7. Nb3 Bg7 8. c3 Ne4 9. Qc2 e6 10. Nf3 b6 11. Rd1 Qc7 12. Nfd4 a6 13. Be2 Bb7 14. Bf3 Nf6 15. Qe2 0-0 16. Bxb7 Qxb7 17. Qf3 Rab8 18. Qxb7 Rxb7 19. 0-0 Rc8 20. Ne2 d5 21. Ng3 Nd7 22. Rd2 Ne5 23. Nd4 b5 24. Rb1 Nc4 25. Rdd1 Nd6 26. f4 b4 27. cxb4 Rxb4 28. b3 Bxd4 29. Rxd4 Rxd4 30. exd4 Nb5 31. Rd1 Rc2 32. a4 Nc3 33. Rd3 a5 34. h3 Kf8 35. Nh5 Ke7 36. Kh2 Ne4 37. h4 Nf2 38. Rf3 Ng4+ 39. Kg3 Rd2 40. Rc3 Rxd4 41. Kf3 Kd6 42. Ng3 Rb4 43. Ne2 d4 44. Rd3 e5 0-1

[Event "Koge Xtracon op"]
[Site "Koge"]
[Date "2013.10.16"]
[Round "3"]
[White "Pondal, Jesper"]
[Black "Danielsen, Henrik"]
[Result "0-1"]
[WhiteElo "2031"]
[BlackElo "2501"]
[PlyCount "56"]
[EventDate "2013.10.14"]
[EventType "swiss"]
[EventRounds "9"]
[EventCountry "DEN"]
[SourceTitle "EXT 2014"]
[Source "ChessBase"]
[SourceDate "2013.11.20"]
[SourceVersion "1"]
[SourceVersionDate "2013.11.20"]
[SourceQuality "1"]

1. d4 d6 2. Nf3 g6 3. g3 Nf6 4. Bg2 Bg7 5. 0-0 0-0 6. Nbd2 Nc6 7. c3 e5 8. dxe5 dxe5 9. e4 a5 10. Qc2 Be6 11. Ng5 Bd7 12. Nb3 Qe7 13. Be3 Ng4 14. Bd2 a4 15. Nc1 Na5 16. h3 Nf6 17. b3 Rfd8 18. c4 Nc6 19. Bc3 Nd4 20. Qb1 h6 21. Nf3 Nxf3+ 22. Bxf3 Bxh3 23. Re1 Ng4 24. Nd3 Rd7 25. Bg2 Bxg2 26. Kxg2 Rad8 27. Nb4 Rd2 28. Rf1 Ne3+ 0-1

[Event "Koge Bugt Summer"]
[Site "Solrod"]
[Date "2011.08.31"]
[Round "3.5"]
[White "Pondal, Jesper"]
[Black "Nielsen, Steen"]
[Result "1-0"]
[WhiteElo "1848"]
[BlackElo "1574"]
[PlyCount "83"]
[EventDate "2011.08.17"]
[EventType "swiss"]
[EventRounds "7"]
[EventCountry "DEN"]
[SourceTitle "EXT 2023"]
[Source "ChessBase"]
[SourceDate "2022.10.05"]
[SourceVersion "1"]
[SourceVersionDate "2022.10.05"]
[SourceQuality "1"]

1. d4 d5 2. Nf3 Nf6 3. c4 e6 4. Nc3 Be7 5. Bf4 c6 6. e3 0-0 7. Qc2 Nbd7 8. Bd3 dxc4 9. Bxc4 Nb6 10. Bd3 h6 11. a3 Nbd5 12. Bg3 Re8 13. Ne5 Nd7 14. Bh7+ Kf8 15. Nc4 N7f6 16. 0-0 Nxc3 17. bxc3 Bd7 18. Nd6 c5 19. Nxe8 Qxe8 20. Bd3 cxd4 21. cxd4 Rc8 22. Qb2 Bc6 23. Rfc1 Qd7 24. a4 Qd5 25. f3 Rd8 26. Bb5 Qg5 27. Bxc6 bxc6 28. Bf4 Qd5 29. e4 Qxd4+ 30. Qxd4 Rxd4 31. Rxc6 g5 32. Be3 Rd7 33. Rc8+ Kg7 34. Ra8 a5 35. Rxa5 Bb4 36. Rb5 Bd2 37. Bf2 g4 38. a5 gxf3 39. gxf3 Rd3 40. Kg2 Kg6 41. a6 Nh5 42. Rxh5 1-0

[Event "Koge Bugt Summer"]
[Site "Solrod"]
[Date "2011.08.17"]
[Round "1.1"]
[White "Pondal, Jesper"]
[Black "Petrovski, Petruli"]
[Result "0-1"]
[WhiteElo "1848"]
[BlackElo "1724"]
[PlyCount "100"]
[EventDate "2011.08.17"]
[EventType "swiss"]
[EventRounds "7"]
[EventCountry "DEN"]
[SourceTitle "EXT 2023"]
[Source "ChessBase"]
[SourceDate "2022.10.05"]
[SourceVersion "1"]
[SourceVersionDate "2022.10.05"]
[SourceQuality "1"]

1. d4 Nf6 2. Bg5 e6 3. Nf3 h6 4. Bh4 Be7 5. Nbd2 d5 6. e3 Nbd7 7. Bd3 0-0 8. c3 b6 9. Qe2 Bb7 10. 0-0 Ne4 11. Bxe7 Qxe7 12. Ne1 Nxd2 13. Qxd2 e5 14. f4 e4 15. Be2 f5 16. c4 Nf6 17. Rc1 dxc4 18. Bxc4+ Bd5 19. Qc3 Kh8 20. g3 Rfd8 21. Ng2 Kh7 22. Rf2 Rd7 23. Rfc2 Rad8 24. Bb5 c6 25. Bxc6 Rc7 26. Qd2 Bxa2 27. Bb5 Rxc2 28. Qxc2 Be6 29. Qc7 Qxc7 30. Rxc7 Rc8 31. Rxc8 Bxc8 32. Bc4 g6 33. Kf1 Kg7 34. Ke2 a6 35. Ne1 b5 36. Bb3 a5 37. Kd2 Kf8 38. Kc3 Ng4 39. Ng2 Nxh2 40. d5 Nf1 41. Kd4 Nxg3 42. d6 h5 43. Ke5 Nf1 44. Bd5 Bd7 45. Kf6 h4 46. Nxh4 Nxe3 47. Nxg6+ Ke8 48. Bf7+ Kd8 49. Nh8 Ng4+ 50. Kg5 e3 0-1

[Event "Koge Bugt Spring"]
[Site "Solrod"]
[Date "2011.05.25"]
[Round "7.8"]
[White "Pondal, Jesper"]
[Black "Forsmann, Henning"]
[Result "1-0"]
[WhiteElo "1842"]
[BlackElo "1761"]
[PlyCount "89"]
[EventDate "2011.03.30"]
[EventType "swiss"]
[EventRounds "7"]
[EventCountry "DEN"]
[SourceTitle "EXT 2023"]
[Source "ChessBase"]
[SourceDate "2022.10.05"]
[SourceVersion "1"]
[SourceVersionDate "2022.10.05"]
[SourceQuality "1"]

1. d4 g6 2. c4 Bg7 3. Nc3 c5 4. e3 Nc6 5. Nf3 d6 6. h3 Bd7 7. Be2 a6 8. 0-0 Nf6 9. d5 Ne5 10. Nxe5 dxe5 11. Bf3 Qc7 12. e4 0-0 13. a4 Ne8 14. Be3 Nd6 15. Qb3 f5 16. Rac1 f4 17. Bd2 Rab8 18. Qa2 Nf7 19. Bg4 h5 20. Bxd7 Qxd7 21. f3 g5 22. Kf2 Bf6 23. Qa3 Nd6 24. Nd1 Kf7 25. Ke2 g4 26. hxg4 hxg4 27. Nf2 gxf3+ 28. gxf3 Rg8 29. Rh1 Rh8 30. b3 b6 31. Bc3 Qe8 32. Ng4 Rxh1 33. Rxh1 Qf8 34. Bxe5 Qg7 35. Bxf6 exf6 36. Nf2 f5 37. Qa1 Re8 38. Qxg7+ Kxg7 39. Kd3 Nf7 40. Rh3 Ne5+ 41. Kc3 Kg6 42. exf5+ Kxf5 43. Ne4 Nf7 44. Rh7 Rf8 45. Rxf7+ 1-0

[Event "Koge Bugt Winter"]
[Site "Solrod"]
[Date "2011.01.26"]
[Round "2"]
[White "Christensen, Verner"]
[Black "Pondal, Jesper"]
[Result "1/2-1/2"]
[WhiteElo "1978"]
[BlackElo "1822"]
[PlyCount "61"]
[EventDate "2011.01.12"]
[EventType "swiss"]
[EventRounds "7"]
[EventCountry "DEN"]
[SourceTitle "EXT 2023"]
[Source "ChessBase"]
[SourceDate "2022.10.05"]
[SourceVersion "1"]
[SourceVersionDate "2022.10.05"]
[SourceQuality "1"]

1. e4 c5 2. d4 cxd4 3. c3 dxc3 4. Nxc3 Nc6 5. Bc4 e6 6. Nf3 Be7 7. 0-0 d6 8. Qe2 Nf6 9. Rd1 Qc7 10. Bg5 a6 11. Rac1 0-0 12. a3 Ne8 13. Bf4 Qd8 14. b4 Nc7 15. Rc2 Na7 16. a4 b5 17. Bb3 f6 18. Rcd2 bxa4 19. Nxa4 Ncb5 20. Nc5 Nc3 21. Qc4 Nxd1 22. Nxe6 Bxe6 23. Qxe6+ Kh8 24. Rxd1 Nb5 25. e5 fxe5 26. Bxe5 Qe8 27. Bg3 Rf6 28. Qh3 Rh6 29. Qf5 Rf6 30. Qh3 Rh6 31. Qf5 1/2-1/2

[Event "Koge Bugt Winter"]
[Site "Solrod"]
[Date "2011.01.12"]
[Round "1"]
[White "Pondal, Jesper"]
[Black "Forsmann, Henning"]
[Result "1-0"]
[WhiteElo "1822"]
[BlackElo "1758"]
[PlyCount "63"]
[EventDate "2011.01.12"]
[EventType "swiss"]
[EventRounds "7"]
[EventCountry "DEN"]
[SourceTitle "EXT 2023"]
[Source "ChessBase"]
[SourceDate "2022.10.05"]
[SourceVersion "1"]
[SourceVersionDate "2022.10.05"]
[SourceQuality "1"]

1. d4 Nf6 2. Bg5 d5 3. Bxf6 gxf6 4. e3 c5 5. dxc5 Qa5+ 6. Nc3 e6 7. Qd4 Ke7 8. b4 Qd8 9. a3 Nc6 10. Qh4 Bg7 11. Nge2 e5 12. Rd1 Be6 13. g3 e4 14. Nf4 Ne5 15. Nfxd5+ Kf8 16. Qxe4 f5 17. Qf4 Qc8 18. Be2 b6 19. cxb6 axb6 20. b5 Qb7 21. Qb4+ Ke8 22. 0-0 Rc8 23. f4 Ng4 24. Bf3 Qa7 25. Bxg4 fxg4 26. Ne4 f5 27. Nd6+ Kd8 28. Nxc8 Kxc8 29. Ne7+ Kb7 30. Rd6 Bc8 31. Rfd1 Qb8 32. Rd7+ 1-0

[Event "DEN-ch B5 Gr2 "]
[Site "Koge"]
[Date "2004.04.??"]
[Round "4"]
[White "Hansen, Henrik Damgaard"]
[Black "Pondal, Jesper"]
[Result "1/2-1/2"]
[WhiteElo "1723"]
[BlackElo "1766"]
[PlyCount "82"]
[EventDate "2004.04.08"]
[EventType "swiss"]
[EventRounds "5"]
[EventCountry "DEN"]
[SourceTitle "EXT 2023"]
[Source "ChessBase"]
[SourceDate "2022.10.05"]
[SourceVersion "1"]
[SourceVersionDate "2022.10.05"]
[SourceQuality "1"]

1. e4 c5 2. c3 d5 3. exd5 Qxd5 4. d4 cxd4 5. cxd4 Nc6 6. Be3 e6 7. Nc3 Bb4 8. a3 Bxc3+ 9. bxc3 Nf6 10. Nf3 Qa5 11. Qb3 0-0 12. Bd3 b6 13. 0-0 Qd5 14. Qxd5 Nxd5 15. Bd2 Bb7 16. Rfe1 Rac8 17. Rac1 Nf6 18. Ne5 Na5 19. Rb1 Bd5 20. Rb2 Nc4 21. Nxc4 Bxc4 22. Bxc4 Rxc4 23. Rb4 Rfc8 24. Rxc4 Rxc4 25. f3 Nd5 26. Rc1 a6 27. g3 Nc7 28. Rb1 Nb5 29. Rb3 Kf8 30. Kf2 Ke7 31. Ke2 Rxd4 32. Bg5+ f6 33. Rxb5 axb5 34. cxd4 fxg5 35. Kd3 Kd6 36. Ke4 g6 37. h3 h6 38. Kd3 Kd5 39. Kc3 h5 40. g4 h4 41. Kb4 Kc6 1/2-1/2

[Event "Lovsprings op-B 13th"]
[Site "Ringsted"]
[Date "2002.04.19"]
[Round "6"]
[White "Rasmussen, Henning H"]
[Black "Pondal, Jesper"]
[Result "0-1"]
[WhiteElo "1815"]
[BlackElo "1809"]
[PlyCount "74"]
[EventDate "2002.03.08"]
[EventType "swiss"]
[EventRounds "7"]
[EventCountry "DEN"]
[SourceTitle "EXT 2023"]
[Source "ChessBase"]
[SourceDate "2022.10.05"]
[SourceVersion "1"]
[SourceVersionDate "2022.10.05"]
[SourceQuality "1"]

1. d4 d5 2. Nf3 Nf6 3. Bf4 e6 4. c3 Be7 5. Nbd2 0-0 6. e3 b6 7. Bd3 Bb7 8. Qc2 c5 9. Qb1 Nbd7 10. h3 Re8 11. 0-0 Rc8 12. Ne5 a6 13. a4 Nf8 14. Bh2 Bd6 15. f4 N6d7 16. g4 Qc7 17. g5 cxd4 18. exd4 f6 19. gxf6 gxf6 20. Ng4 Re7 21. Rf2 Rg7 22. Kh1 Kh8 23. Qf1 a5 24. Re1 f5 25. Ne5 Nxe5 26. fxe5 Be7 27. Ree2 Bc6 28. b3 Be8 29. Nb1 Bh5 30. Ra2 Ng6 31. Be2 Bxe2 32. Qxe2 Rcg8 33. Qd3 Bd8 34. Nd2 Bh4 35. Rg2 Nf4 36. Rxg7 Nxd3 37. Rxc7 Nf2# 0-1

[Event "Lovsprings op 07th C"]
[Site "Ringsted"]
[Date "1995.05.19"]
[Round "7"]
[White "Pondal, Jesper"]
[Black "Hojlund, Ib"]
[Result "1-0"]
[WhiteElo "1635"]
[BlackElo "1651"]
[PlyCount "119"]
[EventDate "1995.03.10"]
[EventType "swiss"]
[EventRounds "7"]
[EventCountry "DEN"]
[SourceTitle "EXT 2023"]
[Source "ChessBase"]
[SourceDate "2022.10.05"]
[SourceVersion "1"]
[SourceVersionDate "2022.10.05"]
[SourceQuality "1"]

1. d4 Nf6 2. Bg5 Ne4 3. h4 d5 4. Nd2 Nc6 5. e3 Nxg5 6. hxg5 e6 7. f4 Qd6 8. c3 Bd7 9. Bd3 g6 10. Ngf3 0-0-0 11. Qe2 Bg7 12. Nb3 b6 13. a4 a5 14. Ne5 Bxe5 15. dxe5 Qe7 16. Rh6 Rdg8 17. Kd2 Qf8 18. Rah1 Rg7 19. Bb5 Ne7 20. Bxd7+ Kxd7 21. Qb5+ Kd8 22. Qa6 Qe8 23. Qa8+ Nc8 24. Ra1 c5 25. Nc1 Qd7 26. Ne2 Ke7 27. Ke1 Rgg8 28. Qa6 Qa7 29. Qd3 Rd8 30. Kf2 Rdg8 31. Rah1 Rg7 32. Ng1 Qd7 33. b3 Qc7 34. Nh3 Na7 35. Kg3 Nc6 36. Nf2 Kf8 37. Ng4 Ne7 38. Kf2 c4 39. bxc4 dxc4 40. Qd2 Nd5 41. e4 Ne7 42. Nf6 Ng8 43. Nxh7+ Ke7 44. R6h3 Qd8 45. Qxd8+ Kxd8 46. Ke3 Kc7 47. Kd4 Ne7 48. Kxc4 Nc6 49. Nf6 Rxh3 50. gxh3 Kb7 51. Rd1 Nb8 52. Kb5 Ka7 53. Rd6 Kb7 54. Rxb6+ Kc8 55. Kxa5 Nd7 56. Rc6+ Kb7 57. Nxd7 Kxc6 58. Nf6 Kc5 59. Ka6 Kc6 60. a5 1-0

[Event "Lovsprings op 06th C"]
[Site "Ringsted"]
[Date "1994.05.08"]
[Round "6"]
[White "Pondal, Jesper"]
[Black "Hede, Kim Nygaard"]
[Result "1/2-1/2"]
[WhiteElo "1563"]
[BlackElo "1680"]
[PlyCount "66"]
[EventDate "1994.03.27"]
[EventType "swiss"]
[EventRounds "7"]
[EventCountry "DEN"]
[SourceTitle "EXT 2023"]
[Source "ChessBase"]
[SourceDate "2022.10.05"]
[SourceVersion "1"]
[SourceVersionDate "2022.10.05"]
[SourceQuality "1"]

1. d4 Nf6 2. Bg5 d5 3. Bxf6 exf6 4. e3 Bd6 5. c4 c6 6. cxd5 cxd5 7. Nc3 Be6 8. Qb3 Qd7 9. Nf3 0-0 10. Bd3 Nc6 11. 0-0 Rad8 12. a3 Bb8 13. Rac1 a6 14. Rfe1 Qd6 15. g3 Bg4 16. Nd2 b5 17. Qc2 h5 18. Nxb5 axb5 19. Qxc6 Bd7 20. Qxd6 Bxd6 21. Be2 g6 22. Nb1 b4 23. Bf3 Be6 24. Re2 Rc8 25. Rec2 Rxc2 26. Rxc2 Ra8 27. Rc6 bxa3 28. bxa3 Bxa3 29. Nxa3 Rxa3 30. Rc5 Bh3 31. Rc1 Ra5 32. Bg2 Be6 33. h3 Kf8 1/2-1/2